LEADER 01176nam a2200289 i 4500 001 991001336059707536 005 20020507124539.0 008 011019s1999 it ||| | ita 020 $a8872847028 035 $ab10206486-39ule_inst 035 $aLE02984064$9ExL 040 $aISUFI - Sett. Diritti e Politiche Euromediterranee$bita 082 0 $a327 100 1 $aGuasconi, Maria Eleonora$0464510 245 12$aL'altra faccia della medaglia :$bguerra psicologica e diplomazia sindacale nelle relazioni Italia-Stati Uniti durante la prima fase della guerra fredda (1947-1955) /$cMaria Eleonora Guasconi ; prefazione di Ennio Di Nolfo 260 $aSoveria Mannelli :$bRubbettino,$cc1999 300 $a251 p. ;$c24 cm 490 0 $aStoria politica 650 4$aGuerra fredda 651 4$aItalia-Stati Uniti$xRelazioni 700 1 $aDi Nolfo, Ennio 907 $a.b10206486$b17-02-17$c27-06-02 912 $a991001336059707536 945 $aLE029 327 GUA01.01$g1$iLE029-2969$lle029$o-$pE0.00$q-$rn$so $t0$u0$v0$w0$x0$y.i10254778$z27-06-02 996 $aAltra faccia della medaglia$9192419 997 $aUNISALENTO 998 $ale029$b01-01-01$cm$da $e-$fita$git $h2$i1 LEADER 02855nam 22005534a 450 001 9910830163103321 005 20230829000949.0 010 $a1-280-51928-2 010 $a9786610519286 010 $a0-470-09212-2 010 $a0-470-09211-4 035 $a(CKB)1000000000356550 035 $a(EBL)267167 035 $a(OCoLC)123080824 035 $a(SSID)ssj0000112209 035 $a(PQKBManifestationID)11128976 035 $a(PQKBTitleCode)TC0000112209 035 $a(PQKBWorkID)10087745 035 $a(PQKB)11548213 035 $a(MiAaPQ)EBC267167 035 $a(EXLCZ)991000000000356550 100 $a20060214d2006 uy 0 101 0 $aeng 135 $aur|n|---||||| 181 $ctxt 182 $cc 183 $acr 200 00$aBiomineralization$b[electronic resource] $emedical aspects of solubility /$f[edited by] Erich Ko?nigsberger and LanChi Ko?nigsberger 210 $aChichester, England ;$aHoboken, NJ $cJ. Wiley$dc2006 215 $a1 online resource (312 p.) 300 $aDescription based upon print version of record. 311 $a0-470-09209-2 320 $aIncludes bibliographical references and index. 327 $aSolubility phenomena related to normal and pathological biomineralization processes / Erich Ko?nigsberger and LanChi Ko?nigsberger -- Mechanisms of renal and salivary calculi formation and development / Fe?lix Grases and Antonia Costa-Bauza? -- Calcium and magnesium phosphates : normal and pathological mineralization / Clara F. Magalha?es, Paula A.A.P. Marques, and Rui N. Correia -- Relevance of a polymer-induced liquid-precursor (PILP) mineralization process to normal and pathological biomineralization / Fairland F. Amos ... [et al.] -- Pathological biomineralization of iron / Wanida Chua-anusorn and Timothy G. St. Pierre. 330 $aThis title takes an interdisciplinary approach to the central role of solubility in pathological biomineralisation, ranging from traditional thermodynamics and kinetics to unusual concepts such as the PILP process. The scientific background and expertise of the contributors, ranges accordingly from solubility modelling and database development, renal stone and bone implant research, Mo?ssbauer spectroscopy and structural chemistry to biochemistry and crystallisation. The chapters all have a quantitative, physico-chemical component rather than giving purely phenomenological descriptions. The con 606 $aBiomineralization 615 0$aBiomineralization. 676 $a572.51 676 $a612.01524 676 $a612/.01524 701 $aKo?nigsberger$b Erich$01611269 701 $aKo?nigsberger$b LanChi$01611270 801 0$bMiAaPQ 801 1$bMiAaPQ 801 2$bMiAaPQ 906 $aBOOK 912 $a9910830163103321 996 $aBiomineralization$93939440 997 $aUNINA